Mentoring for mission : (Record no. 291)
[ view plain ]
| 000 -LEADER | |
|---|---|
| fixed length control field | 00648nam a22002052 4500 |
| 001 - CONTROL NUMBER | |
| control field | 0000000951 |
| 005 - DATE AND TIME OF LATEST TRANSACTION | |
| control field | 20151021151050.0 |
| 008 - FIXED-LENGTH DATA ELEMENTS--GENERAL INFORMATION | |
| fixed length control field | 070222s xx 000 0 eng d |
| 020 ## - INTERNATIONAL STANDARD BOOK NUMBER | |
| International Standard Book Number | 188454312X : |
| 040 ## - CATALOGING SOURCE | |
| Original cataloging agency | KABU |
| Transcribing agency | KABU |
| 050 #0 - LIBRARY OF CONGRESS CALL NUMBER | |
| Classification number | BT202 |
| Item number | .K73 |
| 100 1# - MAIN ENTRY--PERSONAL NAME | |
| Personal name | Krallmann, Gunter. |
| -- | 0000159956 |
| 245 10 - TITLE STATEMENT | |
| Title | Mentoring for mission : |
| Remainder of title | a handbook on leadership principles exemplified by Jesus Christ / |
| Statement of responsibility, etc. | Gunter Krallmann. |
| 260 ## - PUBLICATION, DISTRIBUTION, ETC. (IMPRINT) | |
| Place of publication, distribution, etc. | Waynesboro, GA. : |
| Name of publisher, distributor, etc. | Gabriel Publishing, |
| Date of publication, distribution, etc. | 2002. |
| 300 ## - PHYSICAL DESCRIPTION | |
| Extent | 255 p. |
| 600 10 - SUBJECT ADDED ENTRY--PERSONAL NAME | |
| Personal name | Jesus Christ. |
| -- | 0000149365 |
| 908 ## - PUT COMMAND PARAMETER (RLIN) | |
| Put command parameter | 070222 |
| 950 ## - LOCAL HOLDINGS (RLIN) | |
| -- | 1 |
| Withdrawn status | Lost status | Source of classification or shelving scheme | Not for loan | Home library | Current library | Date acquired | Total Checkouts | Full call number | Barcode | Date last seen | Price effective from | Koha item type | Date last checked out |
|---|---|---|---|---|---|---|---|---|---|---|---|---|---|
| Library of Congress Classification | Kabarak, Main Campus | Kabarak, Main Campus | 17/12/2015 | 1 | BT202 .K73 | 000421 | 02/08/2024 | 17/12/2015 | General Collection | 02/05/2019 | |||
| Library of Congress Classification | Kabarak, Nakuru City Campus | Kabarak, Nakuru City Campus | 21/10/2015 | BT202 .K73 c. 1 | 003013 | 21/10/2015 | 21/10/2015 | General Collection |